| 000 | 00558nam a22001697a 4500 | ||
|---|---|---|---|
| 003 | PILC | ||
| 005 | 20150112093435.0 | ||
| 008 | 130226t xxu||||| |||| 00| 0 eng d | ||
| 020 | _a8175441011 | ||
| 050 |
_aHF 5549.5 _b.W746 1994 |
||
| 082 |
_aMHSF 658.3 _bW69 1994 |
||
| 100 |
_aWilson, Joe B. _916006 |
||
| 245 |
_aApplying successful training techniques : _ba practical guide to coaching and facilitating skills / _cJoe B. Wilson |
||
| 260 |
_aIrvine, Calif. _bRichard Chang Associates _c1994. |
||
| 300 |
_a103 pages : _bill. _c24 cm. |
||
| 942 |
_2lcc _cBK |
||
| 999 |
_c14555 _d14555 |
||